000 00802nam a22002177a 4500
003 OSt
005 20260317005340.0
008 260317b |||||||| |||| 00| 0 eng d
020 _a978-0-14-241126-1
040 _aDWCL GS lib
_cOC
082 _aR611e 2009
100 _aRITCHIE, MADONNA
245 _aThe english roses: runaway rose: book 9
_cMADONNA RITCHIE
260 _aNew York
_bPuffin Books
_c2009
300 _a124 p
_c18 cm
520 _aAmy lands a dream job working behind the scenes at a teen fashion week, but her passion for design turns into vanity when she is scouted to walk the runway
650 _afriendship, vanity, and staying true to oneself
650 _athe importance of staying true to oneself and one's real friends
700 _aMADONNA RITCHIE
942 _2ddc
_cFIC.
_n0
999 _c9183
_d9183